| 000 | 00828nam a22001935i 4500 | ||
|---|---|---|---|
| 001 | 170992 | ||
| 003 | ES-MaACL | ||
| 005 | 20230906214519.0 | ||
| 008 | 090421s1870 sp |||| | spa d | ||
| 100 | 1 |
_aEscamilla, Pedro. _9139872 |
|
| 245 | 1 | 0 |
_aA buen rey mejor alcalde _b: comedia histórica en un acto y en verso / _coriginal de Pedro Escamilla. |
| 260 |
_aMadrid : _b[Juan Manuel Guerrero], _c1870 ( _fImp. de Julián Peña) |
||
| 300 |
_a27 p. ; _c18 cm. |
||
| 490 | 1 | _aEl coliseo | |
| 500 | _aEn port.: Estrenada con aplauso en el teatro del Recreo el 26 de abril de 1869. | ||
| 830 | 0 |
_aEl coliseo _9188992 |
|
| 852 |
_aES-MaACL _jF-8576(8) _z.- Enc. pasta española _q.- Falto de la cub. original _z.- Enc. en un vol. facticio formando parta de la Col. "Teatro español moderno" vol. 29 |
||
| 999 |
_c170992 _d170992 |
||